| Tag |
First Indicator |
Second Indicator |
Subfields |
| LEADER |
00000cam a2200000 a 4500 |
| 001 |
in00000028142 |
| 005 |
20151007060008.0 |
| 008 |
870520s1987 nyua b 00110 eng d |
| 010 |
|
|
|a 87014460
|
| 020 |
|
|
|a 0812038428 (pbk.) :
|c $9.95
|
| 035 |
|
|
|a (OCoLC)15858776
|
| 035 |
|
|
|9 AAB9833AM
|
| 040 |
|
|
|a DNLM/DLC
|c DLC
|d TXA
|d UtOrBLW
|
| 049 |
|
|
|a TXAM
|c [A11687244]
|
| 050 |
0 |
0 |
|a R690
|b .W558 1987
|
| 060 |
|
0 |
|a W 19 W809b
|
| 082 |
0 |
|
|a 610/.7/1173
|2 19
|
| 100 |
1 |
|
|a Wischnitzer, Saul.
|
| 245 |
1 |
0 |
|a Barron's guide to medical & dental schools /
|c Saul Wischnitzer.
|
| 250 |
|
|
|a 3rd ed.
|
| 264 |
|
1 |
|a New York :
|b Barron's Educational Series, Inc.,
|c [1987]
|
| 264 |
|
4 |
|c ©1987
|
| 300 |
|
|
|a xii, 324 pages :
|b illustrations ;
|c 28 cm.
|
| 336 |
|
|
|a text
|b txt
|2 rdacontent
|
| 337 |
|
|
|a unmediated
|b n
|2 rdamedia
|
| 338 |
|
|
|a volume
|b nc
|2 rdacarrier
|
| 504 |
|
|
|a Bibliography: page 319.
|
| 500 |
|
|
|a Includes indexes.
|
| 650 |
|
0 |
|a Medicine
|x Vocational guidance.
|
| 650 |
|
0 |
|a Dentistry
|x Vocational guidance.
|
| 650 |
|
0 |
|a Osteopathic medicine
|x Vocational guidance.
|
| 740 |
0 |
|
|a Guide to medical and dental schools.
|
| 740 |
0 |
|
|a Barron's guide to medical and dental schools.
|
| 999 |
|
|
|a MARS
|
| 999 |
f |
f |
|s 1cf531ec-0d9a-39f2-b832-ab54a91420aa
|i 818eb120-04d6-361a-b16d-b02dd0f5e428
|t 0
|
| 952 |
f |
f |
|p ric
|a Texas A&M University
|b Rellis Campus
|c Joint Library Facility
|d Remote Storage
|t 0
|e R690 .W558 1987
|h Library of Congress classification
|i unmediated -- volume
|m A14811687244
|
| 998 |
f |
f |
|a R690 .W558 1987
|t 0
|l Remote Storage
|